Desarrollo economico local : leyendas y realidades (Registro nro. 150069)
[ vista simple ]
| 001 - NÚMERO DE CONTROL | |
|---|---|
| campo de control | 598411 |
| 005 - FECHA Y HORA DE LA ÚLTIMA TRANSACCIÓN | |
| campo de control | 20240304090102.0 |
| 008 - DATOS DE LONGITUD FIJA--INFORMACIÓN GENERAL | |
| campo de control de longitud fija | 000601s1999 spa |
| 035 ## - NÚMERO DE CONTROL DEL SISTEMA | |
| Número de control de sistema | 598411 |
| 035 ## - NÚMERO DE CONTROL DEL SISTEMA | |
| Número de control de sistema | (OCoLC)819834006 |
| 040 ## - FUENTE DE LA CATALOGACIÓN | |
| Centro/agencia transcriptor | comduadb |
| 041 ## - CÓDIGO DE LENGUA | |
| Código de lengua del texto/banda sonora o título independiente | spa |
| 100 10 - ENTRADA PRINCIPAL--NOMBRE DE PERSONA | |
| Nombre de persona | Cuervo González, Luis Mauricio, |
| Fechas asociadas al nombre | 1957- |
| Código de función | aut |
| Número de control del registro de autoridad o número normalizado | (isni)0000 0000 7981 6459 |
| -- | (viaf)3996890 |
| Término indicativo de función/relación | Autor/a |
| 9 (RLIN) | 482988 |
| 245 10 - MENCIÓN DE TÍTULO | |
| Título | Desarrollo economico local : leyendas y realidades |
| 650 ## - PUNTO DE ACCESO ADICIONAL DE MATERIA--TÉRMINO DE MATERIA | |
| Término de materia o nombre geográfico como elemento de entrada | Desarrollo local |
| 9 (RLIN) | 45272 |
| 650 #7 - PUNTO DE ACCESO ADICIONAL DE MATERIA--TÉRMINO DE MATERIA | |
| Término de materia o nombre geográfico como elemento de entrada | Desarrollo económico |
| Subdivisión geográfica | Colombia |
| Fuente del encabezamiento o término | lemb |
| 9 (RLIN) | 10449 |
| 773 0# - ENLACE AL DOCUMENTO FUENTE/ENTRADA DE REGISTRO ANFITRIÓN | |
| Título | Territorios : Revista de Estudios Urbanos y Regionales (Bogotá) |
| Parte(s) relacionada(s) | No. 01, Ago. 1998, Ene. 1999, p. 9-24 |
| Número de control del registro | 596361 |
| Número Internacional Normalizado para Publicaciones Seriadas | 0123-8418 |
| Número bibliográfico anfitrión | 156218 |
| 942 ## - ELEMENTOS DE ENTRADA AGREGADA (KOHA) | |
| Tipo de ítem Koha | Artículo de Revista |
No hay ítems disponibles.